000 00454nam a2200157 a 4500
005 20140310183248.0
008 041104s19uu xx 00 eng d
050 _aPE 1628
_b.F352 2000
100 _aFergusson, Rosalind
245 _aThe new penguin dictionary of abbreviations from A to zz/.
260 _aLondon :
_bPenguin books,
_c2000.
300 _a410 p. :
_c20 cm.
650 _aDictionary
_xAbbreviations.
942 _cBK
_2lcc
999 _c20718
_d20718